| 000 | 00905nam a22003137a 4500 | ||
|---|---|---|---|
| 003 | CHAP | ||
| 005 | 20220329134427.0 | ||
| 008 | 971013s1984 r 00010 d | ||
| 010 | _a20338 | ||
| 011 | _a21310 | ||
| 035 | _a25400 | ||
| 040 | _cCHAP | ||
| 082 |
_a580 _bA77Y |
||
| 100 | 0 | 0 |
_aArdley, Neil. _96859 |
| 245 | _aGuía práctica ilustrada de la flora | ||
| 260 |
_aBarcelona : _bBlume, _c1984 |
||
| 300 |
_a191 p. _b: ilus |
||
| 590 |
_aBATCH-UPD _b10 _c20130110 _lUCH01 _h0238 |
||
| 590 |
_aBATCH-UPD _b10 _c20130110 _lUCH01 _h1053 |
||
| 590 |
_aBATCH-UPD _b10 _c20130409 _lUCH01 _h2303 |
||
| 590 |
_aBATCH-UPD _b10 _c20130914 _lUCH01 _h0046 |
||
| 590 |
_aCONVERSION _b10 _c20130109 _lUCH01 _h1312 |
||
| 650 | 1 | 4 |
_aAlgas. _93947 |
| 650 | 1 | 4 |
_aBotánica. _914477 |
| 650 | 1 | 4 |
_aHongos. _956084 |
| 901 | _aBK | ||
| 942 | _cLIBRO | ||
| 949 |
_a580 A77Y _bBC _cMUT _d-58517 _eMUT _gI.126452 _h66975 _i25400 _si |
||
| 999 |
_c20338 _d20338 |
||